| 000 | 01408nam a22003135 4500 | ||
|---|---|---|---|
| 001 | z9jcpp b2837769 | ||
| 005 | 20250429115539.0 | ||
| 008 | eng | ||
| 020 | _a9781546110071 | ||
| 020 | _a1546110070 | ||
| 040 | _erda | ||
| 092 |
_ajunior fiction _bMartin |
||
| 100 |
_aGrant, Shauna J. (ADP)/ Grant, Shauna J. (ILT)/ Martin, Ann M. _96542527 |
||
| 245 | 0 | 0 |
_aBaby-Sitters little sister : _bKaren's prize. |
| 246 | _aKarens prize. | ||
| 250 | _aGraphic Novel. | ||
| 263 | _a2025/04/01. | ||
| 264 | 1 |
_bScholastic _c2025. _aNew York : |
|
| 300 |
_a 141 pages : _bchiefly color illustrations ; _c24 cm. |
||
| 490 |
_aBaby-Sitters Little Sister : _vBook 10 |
||
| 520 | _a"Karen loves to spell words. She is very good at it, too. First, she wins the spelling bee in her class. Then Karen wins another spelling contest. And another... and another! Soon Karen might be the best junior speller in the state of Connecticut. She's even going to be on TV! Karen thinks that is so great. But her friends don't. They think Karen is a show-off!"--Inside dust jacket | ||
| 600 |
_aKaren (Fictitious character from Martin) _vComic books, strips, _96542528 |
||
| 650 |
_aSisters Comic books, strips, etc _96542529 |
||
| 650 |
_aSpelling bees Comic books, strips, etc _96542530 |
||
| 942 |
_2ddc _cBOOK |
||
| 999 |
_c406604 _d406604 |
||